Obálka Náhled e-knihy:
PDF Epub
Pro půjčování e-knih musíte být přihlášeni.
Jak si půjčit online?

Promlčení /

Úvodní díl zajímavé syrové detektivní série Tomáš Volf od českého autora, který na literárním poli české detektivky debutoval nevšedním románem Na kopci.

Uloženo v:
Série:Detektiv Volf, část 1
Hlavní autor: Březina, Jiří, 1980- (Autor)
Médium: E-kniha
Jazyk:Czech
Vydáno: V Praze : Motto, 2022
Vydání:2. vydání
Témata:
Příbuzné jednotky:Z cyklu:: Detektiv Volf
Tagy:
Žádné tagy
LEADER 02540nam a2200409 i 4500
001 311602
003 CZ PrSKC
005 20260601215708.0
007 ta
008 220728s2022 xr g 000 f cze
015 |a cnb003438841 
020 |a 9788026722946  |q (vázáno) :  |c Kč 349,00 
035 |a (OCoLC)1344360226 
040 |a ABG001  |b cze  |d ABA001  |e rda 
072 7 |a 821.162.3-3  |x Česká próza  |2 Konspekt 
080 |a 821.162.3-31  |2 MRF 
080 |a (0:82-312.4)  |2 MRF 
100 1 |a Březina, Jiří,  |d 1980-  |7 xx0114321  |4 aut 
245 1 0 |a Promlčení /  |c Jiří Březina 
250 |a 2. vydání 
264 1 |a V Praze :  |b Motto,  |c 2022 
300 |a 242 stran ;  |c 22 cm 
336 |a text  |b txt  |2 rdacontent 
337 |a bez média  |b n  |2 rdamedia 
338 |a svazek  |b nc  |2 rdacarrier 
520 2 |a Úvodní díl zajímavé syrové detektivní série Tomáš Volf od českého autora, který na literárním poli české detektivky debutoval nevšedním románem Na kopci.  |b Mladý policista Tomáš Volf narazí při zkoumání promlčených vražd na podivné úmrtí, k němuž došlo v roce 1991 v zastrčené osadě Pasečky u rakouských hranic. Když se k jedné složce s podezřelou smrtí připojí druhá, rozhodne se Tomáš vyzpovídat člověka, který se tehdejšího vyšetřování přímo účastnil: bývalého úředníka ministerstva vnitra Ondřeje Novotného. Prostřednictvím jeho vzpomínek se Tomáš snaží získat informace, které ze spisů záhadně zmizely. Může ale věřit muži, ze kterého se stal politik s nevalnou pověstí? Jakou roli hrají v případu dějiny zapomenutého kraje? A jak hluboko do minulosti se musí Tomáš ponořit, aby odhalil, komu kdysi prošla nikoli jedna, ale rovnou dvě vraždy? Nakladatelská anotace. Kráceno. 
655 7 |a české romány  |7 fd133974  |2 czenas 
655 7 |a detektivní romány  |7 fd132010  |2 czenas 
655 9 |a Czech fiction  |2 eczenas 
655 9 |a detective novels  |2 eczenas 
787 0 8 |i Z cyklu:  |t Detektiv Volf  |g 1 
900 |a ABA001  |b 20 
928 9 |a Albatros Media - Motto 
044 |a xr 
910 |a RBIT002 
998 |d 356698  |a https://core.palmknihy.cz/api/books/356698/cover?tf34a4  |b https://core.palmknihy.cz/api/books/356698/cover/400?tf34a4  |c https://core.palmknihy.cz/api/books/356698/cover/50?tf34a4  |e 2034-12-31  |g 248  |i 9788026722946  |j https://core.palmknihy.cz/api/books/356698/preview.epub  |k https://core.palmknihy.cz/api/books/356698/preview.pdf  |l   |q 49  |r 1  |s https://www.palmknihy.cz/kniha/356698  |t ebook  |y 2022  |z 0 
999 |d 311600